000 00824nam0a22002531 4500
001 rc\2738894
005 20250529140519.0
035 _a(NLR Aleph) 006866098
090 _a6898263
_c6898263
100 _a20110915d1937 |||y0rusy50 ca
101 0 _arus
102 _aRU
105 _ay z |||||
200 1 _aГосударственное устройство СССР
_fА. Я. Вышинский
205 _a2-е изд., испр.
210 _aМосква
_cЮрид. изд-во
_d1937
_gтип. изд-ва "Крестьян. газ."
215 _aОбл., 46, [2] с.
_d22х15 см.
700 1 _aВышинский
_bА.Я.
_f1883-1954
_gАндрей Януариевич
801 0 _aRU
_bNLR
_gpsbo
801 1 _aRU
_bELAR
_2rusmarc
852 _aNLR
_j37-11/592
942 _cBOOK
980 _aNB